| 000 | 00970nam a22001577a 4500 | ||
|---|---|---|---|
| 003 | LRUA | ||
| 005 | 20191223141924.0 | ||
| 008 | 191223b xxu||||| |||| 00| 0 eng d | ||
| 040 | _cRUA | ||
| 082 | _aVEM ROA 2017 B654 Or.1 | ||
| 100 |
_914078 _aROATH SONA រ័ត្ន សុណា |
||
| 245 | _astudy on the antibody persistant angaint gomboro disease of local-chicken at sva yrieng district in sva yrieng province by using hi-test in labora tory of royal university of angriculture សិក្សារពីកម្រិតអង់ទីគ័រនៃជំងឺហ្គុំបូរ៉ូ របស់មាន់ស្រុកនៅក្នុងស្វាយរៀង ខេត្តស្វាយរៀងតាមរយៈHI-Tesនៅមន្ទីពិសោធន័សាកលវិទ្យាល័យភូមិន្ទកសិកម្ម | ||
| 260 |
_aRUA _bPhnom penh _c2017 |
||
| 300 |
_ax;39p _bill; _c29cm |
||
| 942 |
_2ddc _cAVM |
||
| 999 |
_c18568 _d18568 |
||